| 000 | 00620nam a2200253Ia 4500 | ||
|---|---|---|---|
| 003 | OSt | ||
| 005 | 20220912150532.0 | ||
| 006 | a|||||r|||| 00| 0 | ||
| 007 | ta | ||
| 008 | 220909b |||||||| |||| 00| 0 eng d | ||
| 024 | _a29906 | ||
| 037 | _cTextual | ||
| 040 |
_aCSL _beng _cCSL |
||
| 041 | _aeng | ||
| 082 | _aB6, L51 | ||
| 100 | _aHoward Levi | ||
| 245 | 0 | _aFoundations of geometry and trignometry | |
| 260 | _c1975 | ||
| 300 |
_axiv,347p. _ccm. |
||
| 500 | _aAppendix 315-342p | ||
| 650 | _aGeometry and trignometry | ||
| 942 |
_hB6, L51 _cTEXL _2CC |
||
| 999 |
_c49511 _d49511 |
||